All 10k+ cities in South Dakota on a Map - Statistics

General Stats
  • This quiz has been taken 124 times
  • The average score is 9 of 13
Answers on the Map
Answers color-coded by a green-red scale on the quiz's map according to % correct below.
 
Answer Stats
City Population % Correct
Rapid City 74,703
98%
Sioux Falls 192,517
98%
Pierre 14,091
95%
Aberdeen 28,495
87%
Brookings 23,377
72%
Yankton 15,411
70%
Watertown 22,655
69%
Spearfish 12,193
67%
Mitchell 15,660
62%
Vermillion 11,695
61%
Huron 14,263
52%
Box Elder 11,746
41%
Brandon 11,048
39%
No matching quizzes found
Score Distribution
Percent of People with Each Score
Percentile by Number Answered
Your Score History
You have not taken this quiz